000 00603nam a22002177a 4500
003 UA-OsUOA
001 75066
007 ta
008 20110427b un ||||| |||| 00| 0 ukr d
100 _aГрин К.Ф.
090 _a32
_bГ85
942 _cSA
040 _aUA-OsUOA
_brus
_cUA-OsUOA
_dUA-OsUOA
245 _aПолитическая єкономия авторитарного однопартийного доминирования
300 _aС.19-50
955 _a0
041 _arus
080 _a32
773 0 _w75065
_tПолития
_dМ.
_d2011
_g1
650 7 _a32 Політика
_2UDC
999 _c361364
_d361364